000 00379nam a2200145Ia 4500
008 240624s9999 xx 000 0 und d
041 _aeng
082 _a658.406 ACK
100 _aANDERSON DEAN
245 _aCHANGE LEADER S ROADMAP HOW TO NAVIGATE
250 _a(2nd ed.)
260 _c2010
_aSan Francisco
_bPfeiffer
300 _axxxi, : 357 : p. : cm. ; 23
365 _c
_b27
999 _c17785
_d17785